MCITP Microsoft Windows Vista : desktop support consumer study guide
If you are a support professional who sets up, maintains, and troubleshoots desktop applications on Windows Vista, now you can build your skills and prepare for exam 70-623, MCITP: Supporting and Troubleshooting Applications on a Windows Vista Client for Consumer Support Technicians, the required ex...
保存先:
| 第一著者: | |
|---|---|
| フォーマット: | 図書 |
| 言語: | Undetermined |
| 出版事項: |
Indianapolis, Ind.
Wiley Pub.
2008
|
| 主題: | |
| タグ: |
タグ追加
タグなし, このレコードへの初めてのタグを付けませんか!
|
| Thư viện lưu trữ: | Trung tâm Học liệu Trường Đại học Cần Thơ |
|---|
| LEADER | 01396nam a2200217Ia 4500 | ||
|---|---|---|---|
| 001 | CTU_213807 | ||
| 008 | 210402s9999 xx 000 0 und d | ||
| 082 | |a 005.446 | ||
| 082 | |b J66 | ||
| 100 | |a Johnson, Eric | ||
| 245 | 0 | |a MCITP Microsoft Windows Vista : | |
| 245 | 0 | |b desktop support consumer study guide | |
| 245 | 0 | |c Eric Johnson, Eric Beehler. | |
| 260 | |a Indianapolis, Ind. | ||
| 260 | |b Wiley Pub. | ||
| 260 | |c 2008 | ||
| 520 | |a If you are a support professional who sets up, maintains, and troubleshoots desktop applications on Windows Vista, now you can build your skills and prepare for exam 70-623, MCITP: Supporting and Troubleshooting Applications on a Windows Vista Client for Consumer Support Technicians, the required exam for achieving certification as an MCITP: Consumer Support Technician. Inside this comprehensive study guide you'll find full coverage of all exam objectives, practical hands-on exercises, real-world scenarios, challenging review questions, and more. For Instructors: Teaching supplements are available for this title. | ||
| 650 | |a Electronic data processing personnel,Microsoft software,Nhà xử lý dữ liệu điện tử,Phần mềm Microsoft | ||
| 650 | |x Certification,Examinations,Chứng nhận,Sự nghiên cứu | ||
| 904 | |i Phuong, Năm,Qhieu | ||
| 980 | |a Trung tâm Học liệu Trường Đại học Cần Thơ | ||